000
00308nam a2200133Ia 4500
008
240624s9999 xx 000 0 und d
041
_a
eng
082
_a
158 HAR
100
_a
HART WILLIAM
245
_a
ART OF LIVING
260
_a
Mumbai
_b
Embassy Books
300
_a
171 : p. : cm. ; 20
365
_c
RS
_b
25
999
_c
22271
_d
22271